[Event "Groningen op"]
[Site "Groningen"]
[Date "1990.??.??"]
[Round "1"]
[White "Kochyev, Alexander"]
[Black "Daudzvardis, Janis"]
[Result "1/2-1/2"]
[WhiteElo "2510"]
[BlackElo "2340"]
[Annotator "Schussler,H"]
[PlyCount "79"]
[EventDate "1990.??.??"]
[EventType "swiss"]
[EventRounds "9"]
[EventCountry "NED"]
[SourceTitle "CBM 022"]
[Source "ChessBase"]
[SourceDate "1991.06.01"]
[SourceVersion "1"]
[SourceVersionDate "1991.06.01"]
[SourceQuality "1"]

1. d4 c5 2. d5 e5 3. e4 d6 4. c4 {4.Nc3! gives White a nice square on c4.} Be7
5. Nf3 Nf6 6. Nc3 O-O 7. Be2 Nbd7 8. O-O Ne8 9. a3 g6 10. Ne1 $6 {Allows 10. -
Bg5. More crucial is 10.b4 or 10.Bh6.} Bg5 11. Nd3 Bxc1 12. Qxc1 Qe7 13. b4 b6
14. a4 a5 15. bxa5 Rxa5 16. Qh6 Ba6 17. Nc1 Bc8 18. Nb3 Ra8 19. a5 Nc7 20. axb6
Nxb6 21. Rxa8 Ncxa8 22. Ra1 Nc7 23. Na5 Bd7 24. Nc6 Bxc6 25. dxc6 Qe8 26. Nd5
Nbxd5 27. exd5 Qb8 28. Qc1 Kg7 29. Rb1 Qd8 30. Rb7 f5 31. h4 Rf7 32. Qg5 Qxg5
33. hxg5 Re7 $10 34. Rb8 Re8 35. Rb7 Rc8 36. g3 e4 37. f4 exf3 38. Bxf3 h6 39.
gxh6+ Kxh6 40. g4 1/2-1/2

[Event "Bern zt"]
[Site "Bern"]
[Date "1990.??.??"]
[Round "10"]
[White "Lobron, Eric"]
[Black "Hickl, Joerg"]
[Result "1-0"]
[WhiteElo "2545"]
[BlackElo "2500"]
[Annotator "Schussler,H"]
[PlyCount "79"]
[EventDate "1990.01.??"]
[EventType "tourn"]
[EventRounds "15"]
[EventCountry "SUI"]
[EventCategory "9"]
[SourceTitle "CBM 017"]
[Source "ChessBase"]
[SourceDate "1990.08.01"]
[SourceVersion "1"]
[SourceVersionDate "1990.08.01"]
[SourceQuality "1"]

1. d4 Nf6 2. c4 c5 3. d5 e5 4. Nc3 d6 5. e4 Be7 6. h3 O-O 7. Bd3 Nbd7 8. Nf3
Ne8 9. g4 g6 10. Bh6 Ng7 11. Qd2 {Perhaps the best square for the Queen (11.
Qe2 is also common) as f4 is prepared and the move Bg5 at a later stage made
possible.} Nf6 12. O-O-O Kh8 13. Rdg1 a6 14. Ne1 $1 Ng8 15. Be3 f5 16. gxf5
gxf5 17. f4 $14 {Now it`s clear that White has and advantage. His development
is better and the Black King is slightly exposed.} exf4 18. Bxf4 Nh5 19. Bg5 f4
20. Bxe7 Qxe7 21. Nf3 Bd7 22. e5 $1 dxe5 23. Rg5 Ng3 24. Rxe5 Qg7 25. Rhe1 b5
26. d6 Qh6 27. Rxc5 Bxh3 28. Rc7 Nf6 29. Nd5 bxc4 30. Nxf6 Qxf6 31. Rxh7+ Kg8
32. Rxh3 cxd3 33. Qxd3 Ra7 34. Rh2 Rd8 35. Qd5+ Kg7 36. Re6 Rc8+ 37. Kd1 Qf5
38. Qd4+ Kf7 39. Qxa7+ Kxe6 40. Nd4+ 1-0

[Event "Munich"]
[Site "Munich"]
[Date "1990.??.??"]
[Round "?"]
[White "Van der Sterren, Paul"]
[Black "Boensch, Uwe"]
[Result "1-0"]
[WhiteElo "2515"]
[BlackElo "2530"]
[Annotator "Schussler,H"]
[PlyCount "81"]
[EventDate "1990.04.??"]
[EventType "tourn"]
[EventRounds "11"]
[EventCountry "GER"]
[EventCategory "13"]
[SourceTitle "CBM 018"]
[Source "ChessBase"]
[SourceDate "1990.10.01"]
[SourceVersion "1"]
[SourceVersionDate "1990.10.01"]
[SourceQuality "1"]

1. d4 Nf6 2. c4 c5 3. d5 e5 4. Nc3 d6 5. e4 Be7 6. Nf3 O-O 7. Be2 Ne8 8. O-O
Nd7 9. a3 g6 10. Bh6 Ng7 11. Qd2 Nf6 12. Ne1 Kh8 13. b4 b6 14. Nd3 Ng8 15. Be3
f5 16. f4 exf4 17. Bxf4 fxe4 18. Nxe4 Bf5 19. Ndf2 Nf6 20. Nc3 $14 {/+/-} g5 $2
(20... a6) 21. Bxg5 Nxd5 22. Bxe7 Nxe7 23. Rad1 Nc6 24. Nb5 a6 25. Nxd6 Nd4 26.
bxc5 bxc5 27. Nxf5 Ngxf5 28. Bd3 Rg8 29. Be4 Nh4 30. Nd3 Qe8 31. Nxc5 Rd8 32.
Qh6 Qe7 33. Kh1 Nhf5 34. Bxf5 Nxf5 35. Qb6 Qg7 36. g3 Rb8 37. Qe6 Rb2 38. Ne4
Ne3 39. Rf7 Qd4 40. Qf6+ Qxf6 41. Nxf6 1-0

[Event "Bundesliga 0203"]
[Site "Germany"]
[Date "2002.12.13"]
[Round "7.2"]
[White "Johannessen, Leif Erlend"]
[Black "Piket, Jeroen"]
[Result "1/2-1/2"]
[WhiteElo "2534"]
[BlackElo "2646"]
[Annotator "Stohl,I"]
[PlyCount "114"]
[EventDate "2002.10.19"]
[EventType "team-tourn"]
[EventRounds "15"]
[EventCountry "GER"]
[SourceTitle "CBM 093"]
[Source "ChessBase"]
[SourceDate "2003.04.01"]
[SourceVersion "1"]
[SourceVersionDate "2003.04.01"]
[SourceQuality "1"]
[WhiteTeam "Wattenscheid"]
[BlackTeam "Solingen"]
[WhiteTeamCountry "GER"]
[BlackTeamCountry "GER"]

1. d4 Nf6 2. c4 c5 3. d5 e5 4. Nc3 d6 5. e4 Be7 6. g3 Na6 ({The main line in
the fianchetto variation is} 6... O-O 7. Bg2 Nbd7 8. Nge2 Ne8 9. O-O g6 10. Bh6
Ng7 11. Qd2 $14 {but here White has a comfortable edge without much risk.
Piket seeks a more complicated position.}) 7. Bg2 Nc7 8. Nge2 h5 $5 {Played
again in the same spirit, but White keeps a clear head.} (8... O-O 9. O-O a6
10. a4 b6 11. f4 Nd7 12. Qd3 Rb8 13. Bd2 Bf6 14. Ra2 Re8 15. b3 $14 exf4 $6 16.
gxf4 Nf8 17. a5 $1 b5 18. e5 dxe5 19. f5 g6 20. Ng3 bxc4 21. bxc4 Bh4 22. Nce4
Nd7 23. Bh6 $40 {Avrukh,B-Veinger,I/ISR-chT/1999/}) 9. h4 $146 {A natural
novelty. It's drawback however is that now an f2-f4 advance, typical for the
whole line, would give the g4-square in Black's hands. But White didn't gain
anything (on the contrary!) in the games where he didn't prevent h4:} (9. h3 h4
10. Be3 (10. g4 Nd7 11. O-O Rb8 12. Be3 Bg5 13. f4 exf4 14. Nxf4 Ne5 15. Qe2 a6
16. Rab1 b5 17. cxb5 Nxb5 18. Nxb5 Rxb5 19. Rfc1 O-O 20. b3 Bd7 $15 {Ayupov,
D-Ovetchkin,R/Samara/2002/}) 10... Nh7 11. Qd2 hxg3 12. fxg3 Bg5 13. h4 Bxe3
14. Qxe3 a6 15. a4 b6 16. Rb1 Nf6 17. Qg5 Kf8 18. Bf3 Nce8 19. g4 Bd7 20. Rg1
b5 $1 21. axb5 axb5 22. Nxb5 Bxb5 23. cxb5 Qb6 $36 {Osmanbegovic,S-Averkin,O/
YUG-chT/1990/}) 9... a6 10. a4 b6 11. Rb1 {As the >> is more or less blockaded,
White naturally shifts his attention to the <<. But here Black has sufficient
defensive resources.} Bd7 12. b4 Rb8 13. O-O O-O 14. Bd2 (14. Be3 Ng4 $132)
14... cxb4 15. Rxb4 a5 $6 {Black's ambitions land him in an unpleasant
position. Simpler and more objective was} (15... b5 $142 16. a5 $5 (16. axb5
axb5 17. cxb5 Nxb5 $11) 16... Rc8 (16... bxc4 17. Rxc4 Nb5 18. Na4 $14) 17. Be3
bxc4 18. Bb6 Qe8 19. Rxc4 Nb5 $132) 16. Rb1 (16. Rb2 $5 $14 {would have saved
White a tempo later on, but even now he keeps an edge.}) 16... Na6 17. Nb5 Rc8
(17... Bxb5 18. cxb5 Nc5 19. f3 Qd7 20. Kh2 {[%cal Rg2h3] /\Bh3+/-}) 18. Qc2 g6
19. Rb2 Rc5 {Piket wants to counter White's pressure on the <->b by attacking
c4, but White can protect his pawn in a simple and straightforward way.} ({
More natural seems} 19... Nc5 20. Rfb1 $14 {[%csl Rb6][%cal Yb5c3] /\Nbc3,><b6}
) 20. Qd3 Qb8 21. Rc1 Rfc8 22. f3 (22. Rcc2 Qb7 23. Nc1 Bxb5 24. axb5 Nb4 ({
Too passive is} 24... Nb8 25. Nb3 R5c7 26. Bh3 Nbd7 27. Ra2 $16) 25. Bxb4 axb4
26. Rxb4 Ra8 $14) 22... Bf8 23. Rcc2 Kh7 24. Nc1 Nb4 {In a difficult position
Black decides to invest some material to gain <=>.} (24... Bh6 $2 25. Bxh6 Kxh6
26. Nb3 Nb4 27. Qd2+ Kg7 28. Nxc5 $18) (24... Rd8 25. Qb3 {[%cal Rc1d3] /\Nd3+/
-}) 25. Bxb4 axb4 26. Na2 Qa8 27. Qb3 (27. Rxb4 $14 {/+/-} Bxb5 28. axb5 {
[%cal Rb4b1,Ra2b4,Rb4c6] /\Rb1,Nb4-c6+-}) 27... Qa5 (27... Bxb5 28. cxb5 $1 $16
{[%csl Rb4] ><b4}) 28. Nxb4 (28. Kh2 $5 Ra8 29. Nxb4 Qxa4 30. Nd3 Rcc8 31. Bh3
$36) 28... Bxb5 29. cxb5 (29. axb5 Rxc4 $1 (29... Qa1+ 30. Kh2 Rxc4 31. Rb1 Qd4
32. Nc6 $16) 30. Nc6 (30. Rxc4 Rxc4 31. Qxc4 Qa1+ $132) 30... Qe1+ 31. Kh2 Rxc2
32. Rxc2 $36 {/\} Bh6 33. Qa3 Be3 34. Qxd6 Ng4+ 35. Kh3 $1 $16) 29... Rxc2 30.
Rxc2 Rxc2 31. Nxc2 Qd2 32. Ne3 Nd7 33. Nc4 Qc1+ (33... Qe1+ 34. Kh2 Qf2 $16)
34. Bf1 (34. Kh2 Nc5 35. Qa2 f5 $5 36. Nxb6 f4 $16) 34... Nc5 35. Qe3 Qxe3+ 36.
Nxe3 Nxa4 37. Nc4 $16 {[%csl Rb6,Rd6][%cal Rf1h3,Rh3d7,Rg1b3][%mdl 256] /
\Bh3-d7,Kf2-e3---b3,><d6,b6 Although White had some promising alternatives, he
has managed to maintain his advantage. The threat to transfer the B to c6 and
K to b3 forces Black to adopt desperate measures. In the end his defensive
efforts are rewarded.} f5 $5 38. exf5 {Wins a pawn immediately, but perhaps he
could have tried} (38. Kf2 $5 fxe4 (38... Kg7 $5) 39. fxe4 Kg8 (39... Nc3 40.
Nxb6 Nxe4+ 41. Kf3 $16 {[%csl Gb5] o^b}) 40. Ke3 Kf7 41. Bh3 Bh6+ (41... Nc3
42. Bd7) 42. Kd3 $5 Nc5+ 43. Kc2 Nxe4 44. Nxb6 $16) 38... gxf5 39. Bd3 Kg6 40.
Ne3 e4 $1 {[]} 41. fxe4 fxe4 42. Bxe4+ Kf6 43. Nc4 (43. Bf3 Kg6 44. Kf2 (44.
Ng2 $2 Bh6 $1) 44... Nc3 45. Nc4 $14 {is similar to the game.}) 43... Nc3 44.
Bf3 Kg6 (44... Nxb5 $2 45. Bxh5 $18) 45. Nxb6 Nxb5 46. Nc4 Bg7 47. Be4+ Kf7 48.
Kf2 Bd4+ 49. Ke2 ({More challenging was} 49. Kf3 $142 $5 Bc5 50. g4 $16) 49...
Bc5 50. Ne3 Kf6 51. Kd3 {Now Black draws by force, but White can hardly win
the game anymore.} (51. Ng2 Nd4+ 52. Kd3 Nf5 $132) (51. Nc4 Na3 $14) 51... Bxe3
$1 {Black uses the fact the Bf3 doesn't control the promotion square of the
Ph4.} 52. Kxe3 Ke5 53. Bf3 Nc7 54. Bxh5 Nxd5+ 55. Kf3 (55. Kd3 Nf4+ $1 56.
gxf4+ Kxf4 57. Be8 (57. Bd1 Kf5 $11) 57... Kg4 58. h5 Kg5 $11) 55... Ne7 56. g4
(56. Bg4 Ng6 {[%cal Rg6h4] /\Nh4!} 57. h5 $8 Ne7 {[%cal Ye5f6,Yf6g5] /\Kf6-g5=}
(57... Nh8 {[%cal Yh8f7] /\Nf7=})) 56... Nf5 $1 57. gxf5 Kxf5 {[%cal Rf5h8] /
\Kf6-g7-h8=} 1/2-1/2

[Event "Moscow5"]
[Site "Moscow"]
[Date "1995.??.??"]
[Round "8"]
[White "Mitenkov, Alexey"]
[Black "Fedorov, Alexei"]
[Result "1/2-1/2"]
[WhiteElo "2430"]
[BlackElo "2540"]
[Annotator "Stohl,I"]
[PlyCount "141"]
[EventDate "1995.??.??"]
[EventType "tourn"]
[EventRounds "11"]
[EventCountry "RUS"]
[EventCategory "10"]
[SourceTitle "CBM 049"]
[Source "ChessBase"]
[SourceDate "1995.12.01"]
[SourceVersion "1"]
[SourceVersionDate "1995.12.01"]
[SourceQuality "1"]

1. d4 Nf6 2. c4 c5 3. d5 e5 (3... a6 4. a4 e5 5. Nc3 d6 6. e4 Be7 7. g3 O-O 8.
Bg2 Ne8 9. Nge2 Nd7 10. O-O g6 11. Bh6 Ng7 12. Qd2 Nf6 13. f3 Kh8 14. Be3 Bd7
15. a5 b5 16. axb6 Qxb6 17. b4 Qxb4 18. Rfb1 Qxc4 19. Bf1 $18 {[%cal Re2c1] /
\Nc1,Forintos,G-Lanzani,M/Forli op/1988/}) 4. Nc3 d6 5. e4 {A typical
Old-Indian/King's Indian pawn structure with blockaded pawn chains in the
center. White has more space and so he can usually choose, on which flank he
will start to play. (>> or <<)} Be7 6. g3 O-O 7. Bg2 Ne8 8. Nge2 g6 (8... Bg5
$6 9. f4 exf4 10. gxf4 Bh4+ 11. Ng3 f5 12. O-O fxe4 13. Ncxe4 Nd7 14. a4 Ndf6
15. Ng5 Bg4 16. Qd3 Qc8 17. Ne6 Bxg3 18. hxg3 Bxe6 19. dxe6 Qxe6 20. Bxb7 Rb8
21. Bg2 Kh8 22. Rb1 Ng4 23. Bf3 Nef6 24. Bd2 Qe8 25. Kg2 Qxa4 26. Rh1 Rb3 27.
Qxd6 {Dao Thien Hai-Urban,J/Budapest Exp8/1993/}) 9. O-O (9. Bh6 Ng7 10. Qd2 (
10. h4 $6 Nd7 11. Qd2 Nf6 12. f3 a6 13. O-O-O b5 14. h5 Qa5 15. hxg6 fxg6 16.
Bxg7 Kxg7 17. Qh6+ Kg8 18. f4 Rf7 19. Bf3 b4 20. Nb1 Ng4 21. Bxg4 Bxg4 22. Rh2
Qxa2 23. Nd2 exf4 24. e5 Bf5 $19 {Taha,M-Bayram,Y/Moscow olm/1994/}) 10... Nd7
11. O-O a6 (11... Nf6 12. h3 Kh8 13. Kh2 Ng8 14. Be3 f5 15. f4 Bf6 16. fxe5
Bxe5 17. Bf4 $1 Bxf4 18. Nxf4 Nf6 19. Rae1 fxe4 20. Nxe4 Nxe4 21. Bxe4 Bf5 22.
Bxf5 Rxf5 23. g4 Rf8 24. Qc3 Qf6 25. Qxf6 Rxf6 26. Ne2 Rxf1 27. Rxf1 Kg8 28.
Nc3 $16 {Magerramov,E-Serebrjanik,A/Moscow op Russian Winter/1991/}) 12. f4 Kh8
13. Nc1 Rb8 14. a4 exf4 15. Bxf4 g5 16. Be3 Ne5 17. b3 Ng4 18. Nd3 Bf6 19. e5
$1 Nxe5 20. Nxe5 Bxe5 21. Bxg5 f6 22. Bf4 Bf5 23. Rae1 Qb6 24. Bxe5 fxe5 25.
Ne4 Bg6 26. a5 $16 {[%csl Ge4,Rd6,Rf6,Rh6] ><d6,>>,Bartels-Sage/Aalborg/1987/
A typical Old-Indian gone all wrong-Black's pawns and King are weak, his
pieces are passive, White's Ne4 is dominant.}) 9... Ng7 10. Be3 (10. f4 $6 {
Premature, White must prepare this advance.} exf4 11. gxf4 Nd7 12. b3 f5 13.
Bb2 fxe4 14. Nxe4 Nf6 15. N2g3 Nxe4 16. Nxe4 Bf5 17. Qd2 Bxe4 18. Bxe4 Bf6 19.
Bxf6 Qxf6 20. Rae1 Rae8 21. Rf2 Re7 22. Bg2 Rxe1+ 23. Qxe1 Re8 $17 {Cruz Lopez,
C-Manolov,I/Cannes op/1992/}) 10... Nd7 11. Qd2 f5 (11... a6 12. Rab1 (12. a4
$142 $14) 12... f5 13. f3 fxe4 14. fxe4 Rxf1+ 15. Rxf1 Nf6 16. h3 h5 17. a3 h4
18. gxh4 Nh7 19. Bf2 Bxh4 20. b4 b6 21. Bxh4 Qxh4 22. Qe1 Qxe1 23. Rxe1 cxb4
24. axb4 Bd7 25. Ra1 Nh5 $132 {Atalik,S-Starosek,K/St.Petersburg op/1994/}) 12.
f4 $1 $14 a6 (12... fxe4 13. g4 $1 (13. Nxe4 Nf5 14. Bf2 Nd4 $132) 13... Nf6
14. h3 {[%csl Rg7][%cal Yc3e4] /\Ne4+/=,פg7}) 13. a4 Rb8 14. b3 Bf6 15. Rae1
Kh8 16. Kh1 (16. Qc2 $142 $14 {[%cal Ye2c1,Yc1d3] /\Nc1-d3}) 16... Qa5 17. Qc2
exf4 $5 18. gxf4 (18. Bxf4 Ne5 $10 {[%cal Yc8d7,Yb8e8,Yb7b5] /\Bd7,b5,Rbe8})
18... Bh4 19. Rd1 $2 (19. Ng3 $142 Qc7 $13) 19... fxe4 20. Nxe4 Qc7 $1 (20...
Nf5 $6 21. Bd2 {[%cal Re2g3,Rd2c3] /\N2g3,Bc3|^}) 21. Ng5 (21. Bd2 Nf6 22. Bc3
Nxe4 23. Qxe4 Bf5 $36) 21... Nf6 22. Nc3 Bg4 23. Bf3 Qd7 $15 {[%csl Rf4,Rf5]
><f4,f5} 24. Bg1 (24. Bc1 $142 $5 Nfh5 25. Bxg4 Qxg4 26. Qg2 $15) 24... Nfh5 $1
25. Ne6 $5 (25. Bxg4 Qxg4 $17) 25... Bxf3+ 26. Rxf3 Nxe6 27. dxe6 Qxe6 28. Nd5
Kg8 29. Qg2 Ng7 (29... b5 $2 30. axb5 axb5 31. Nc7 $10) 30. Rh3 Nf5 31. Ne3 Be7
$17 32. Re1 Rf7 33. Bf2 (33. Nxf5 Qxf5 34. Rhe3 Bf6 $17) 33... Bf8 (33... Nxe3
34. Rhxe3 Qd7 35. Qd5 $44) 34. Nd5 Qd7 35. Qe4 Bg7 (35... Ne7 $5 36. Rhe3 Nxd5
37. Qxd5 Qf5 $17) 36. Rd3 Rbf8 {[%csl Rf4][%cal Yg7h6,Yf5g7,Yg7h5] ><f4,Bh6,
Ng7-h5} (36... b5 $5 $36) 37. a5 $5 Qd8 38. b4 cxb4 39. Bb6 Qh4 40. Re2 Nh6 41.
c5 Be5 $1 42. cxd6 (42. fxe5 $2 Rf1+ 43. Kg2 R8f2+ 44. Rxf2 Rxf2+ $19) 42...
Bxd6 43. Qe6 Nf5 (43... Bxf4 44. Ne7+ $13) 44. Bf2 Qd8 (44... Qg4 $4 45. Nf6+)
45. Ne3 (45. Bb6 Qc8 $19) 45... Re8 46. Qd5 Bc7 $2 (46... Be7 $1 47. Nxf5 (47.
Qb3 Qxa5 $19) 47... Qxd5+ 48. Rxd5 Rxf5 49. Rd7 Kf8 50. Rxb7 Rxa5 $19) 47. Qb3
$1 Nd4 (47... Qc8 $2 48. Nxf5 $1 Rxe2 (48... gxf5 49. Rg3+ Kf8 50. Bc5+) 49.
Nh6+ Kg7 50. Bd4+ $1 Kxh6 51. Rh3+ Qxh3 52. Qxh3#) (47... Qf6 $2 48. Nd5 Qc6
49. Rxe8+ Qxe8 50. Nf6+) 48. Qc4 b5 $5 (48... Re4 49. Red2 $13) 49. Qxd4 Qxd4
50. Rxd4 Rxf4 51. Rxf4 Bxf4 $44 {[%cal Rb4b2] /\b3-b2-+, Three pawns give
Black enough for the piece, but not more.} 52. Kg2 $8 b3 53. Kf3 Bxh2 {Now
Black has 4 pawns, but Pb3 will soon fall.} 54. Rb2 Rf8+ 55. Kg2 Bc7 56. Be1 $5
(56. Rxb3 Bxa5 57. Ra3 $10) 56... Re8 57. Rxb3 Kf7 58. Kf3 Ke6 59. Nc2 Rf8+ 60.
Ke3 g5 61. Rd3 h5 62. Nd4+ Kf6 63. Nf3 Re8+ 64. Kf2 g4 65. Bc3+ Kf7 66. Nh4 $10
Rd8 67. Re3 (67. Rxd8 $2 Bxd8 68. Kg3 Bxh4+ 69. Kxh4 Kg6 $19) 67... Rd5 68. Bb4
Bd8 69. Kg3 Bg5 70. Rc3 Bf6 71. Rb3 (71. Rb3 Be5+ 72. Kg2 Bf6 73. Kg3 $10)
1/2-1/2

[Event "Hoogovens"]
[Site "Wijk aan Zee"]
[Date "1991.01.??"]
[Round "13"]
[White "Lautier, Joel"]
[Black "Seirawan, Yasser"]
[Result "0-1"]
[WhiteElo "2550"]
[BlackElo "2595"]
[Annotator "Stohl,I"]
[PlyCount "114"]
[EventDate "1991.01.??"]
[EventType "tourn"]
[EventRounds "13"]
[EventCountry "NED"]
[EventCategory "14"]
[SourceTitle "CBM 022"]
[Source "ChessBase"]
[SourceDate "1991.06.01"]
[SourceVersion "1"]
[SourceVersionDate "1991.06.01"]
[SourceQuality "1"]

1. d4 Nf6 2. c4 c5 3. d5 e5 4. Nc3 d6 5. e4 Be7 6. Nf3 (6. h3 O-O (6... h5 $5)
7. Nf3 Nbd7 8. g4 Ne8 9. Bd3 g6 10. Be3 (10. Bh6 Ng7 11. Qe2 $14 {()}) 10...
Ng7 11. Rg1 Nf6 12. Qe2 h5 13. Nd2 Qd7 14. f3 (14. Bc2 $1 $16 {Seirawan}) 14...
Nh7 15. O-O-O Bg5 16. Bxg5 Nxg5 17. Qg2 Qe7 18. h4 Nh7 19. Qg3 {Ivanchuk,
V-Seirawan,Y,Reykjavik tt 1990-CBM 18} Nf6 $13) 6... Nbd7 7. Bd3 Nf8 {N} 8. h3
h5 $5 9. Be3 (9. g3 $5 Ng6 10. h4 Bg4 11. Be2 $14) 9... h4 10. Qd2 Ng6 11.
O-O-O Bd7 12. Kb1 a6 $13 13. Qc2 Nh5 (13... Nh7 $5 $13 {/\Ng5,Bg5}) 14. Ne2 $8
b5 15. g4 Nf6 (15... hxg3 $6 16. fxg3 O-O 17. Rdf1 {<->f}) 16. Nd2 O-O 17. f4 (
17. Rhg1 Nh7) 17... exf4 18. Nxf4 Ne5 19. g5 Ne8 20. Rhg1 Nc7 $6 (20... Bxg5 $6
21. Ne6 fxe6 22. Bxg5 Nf6 23. Bxh4 $40 {<->g}) (20... g6 $5 $13 {/\Ng7}) 21. g6
$40 f5 (21... fxg6 22. Nxg6 Nxg6 23. Rxg6 $16) 22. Rdf1 Bg5 23. Qd1 $1 Bh6 $8 (
23... Nxd3 24. Qh5 Bh6 25. Nxd3 $18) (23... Nxg6 24. Rxg5 Qxg5 25. Rg1 $18) 24.
Bc2 (24. Qh5 $16) 24... bxc4 25. Qh5 Qf6 26. Ne6 $1 Bxe6 27. Bg5 (27. exf5 $1
Bxd5 (27... Nd3 28. Bxd3 Rab8 29. Nxc4 Bxd5 30. Bxh6 Bxc4 31. Bxc4+ $18) 28.
Bg5 Ne8 29. Bxf6 Nxf6 30. Qd1 $16 {/\Ne4!}) 27... Qxg6 28. Qxg6 Nxg6 29. dxe6 (
29. Bxh6 $5 Bf7 30. Bxg7 (30. exf5 c3 31. bxc3 gxh6 32. Nc4 Rad8 $13 33. fxg6
Bxd5 $13) 30... Kxg7 31. exf5 {/\Nc4} c3 $1 32. bxc3 Nxd5 $13) 29... Bxg5 30.
Rxg5 Ne7 31. exf5 d5 $8 32. Rfg1 (32. f6 Nxe6 33. Re5 Rxf6 34. Rxf6 gxf6 35.
Rxe6 Kf7 36. Re1 Rg8 $44) 32... g6 $8 33. fxg6 $2 (33. Rxg6+ Nxg6 34. Rxg6+ Kh8
35. Nf3 $146) 33... Rf6 $17 34. g7 Nxe6 35. Re5 Kf7 {/\Rg8-g7} 36. Rge1 (36.
Bh7 Nxg7 37. Rxg7+ Kxg7 38. Rxe7+ Rf7 $17) 36... Rd8 $1 {/\Rd6,Kg7} (36... Rg8
$6 37. Bd1 Rxg7 38. Bh5+ Ng6 39. Rxd5 $36) 37. Bd1 Ng6 $8 38. Bh5 Nef4 39. Re7+
Kg8 40. Bxg6 Nxg6 41. Rc7 Rf2 42. Re6 (42. Kc1 Nf4 $19) (42. Kc2 d4 43. Rxc5 c3
$1 $19) (42. Nf1 Nf4 $19 {/\Nd3}) 42... Rxd2 (42... Nf4 $2 43. Rh6) 43. Rxg6
Re8 44. Rg1 Rb8 $19 45. b3 cxb3 46. Rxc5 bxa2+ 47. Ka1 Rb1+ 48. Rxb1 axb1=Q+
49. Kxb1 Kxg7 50. Ra5 Rd3 51. Rxa6 Rxh3 52. Rd6 Rg3 $1 53. Rxd5 Kh6 54. Kc2 h3
55. Rd8 Kg5 56. Kd2 Kg4 57. Rh8 (57. Ke2 h2 58. Rh8 Rh3) 57... Kf3 {(2.59/2.55)
[Stohl]} 0-1